[Event "Madeira AEJ op 11th"]
[Site "Sao Joao da Madeira"]
[Date "2014.10.12"]
[Round "7"]
[White "Azevedo, Paulo Jorge"]
[Black "Marques, Jose Carlos Oliveir"]
[Result "1-0"]
[WhiteElo "1853"]
[BlackElo "1449"]
[PlyCount "66"]
[EventDate "2014.10.04"]
[EventType "swiss"]
[EventRounds "7"]
[EventCountry "POR"]
[SourceTitle "EXT 2018"]
[Source "ChessBase"]
[SourceDate "2017.10.13"]
[SourceVersion "1"]
[SourceVersionDate "2017.10.13"]
[SourceQuality "1"]

1. e4 c6 2. d4 d5 3. exd5 cxd5 4. Bd3 Nf6 5. Nf3 e6 6. 0-0 Nc6 7. c3 Bd6 8. Re1 Qc7 9. Nbd2 Bd7 10. a4 h6 11. Qe2 g5 12. Nf1 Nh5 13. Ne5 Nf4 14. Bxf4 gxf4 15. Qh5 Nxe5 16. dxe5 Be7 17. Nd2 Bc6 18. Nf3 Bg5 19. Nxg5 0-0-0 20. Nxf7 Be8 21. Nd6+ Qxd6 22. Qxe8 Rhxe8 23. exd6 Rxd6 24. Re5 a6 25. Rae1 Kd7 26. c4 Rb6 27. cxd5 Rxb2 28. dxe6+ Kd6 29. e7 b5 30. axb5 axb5 31. Bxb5 Rxb5 32. Rxb5 Rxe7 33. Rxe7 Kxe7 1-0

[Event "Madeira AEJ op 11th"]
[Site "Sao Joao da Madeira"]
[Date "2014.10.05"]
[Round "3"]
[White "Silva, Ana Ines Teixeira D"]
[Black "Azevedo, Paulo Jorge"]
[Result "1-0"]
[WhiteElo "1556"]
[BlackElo "1853"]
[PlyCount "203"]
[EventDate "2014.10.04"]
[EventType "swiss"]
[EventRounds "7"]
[EventCountry "POR"]
[SourceTitle "EXT 2018"]
[Source "ChessBase"]
[SourceDate "2017.10.13"]
[SourceVersion "1"]
[SourceVersionDate "2017.10.13"]
[SourceQuality "1"]

1. e4 g6 2. Nc3 Bg7 3. d3 d6 4. g3 Nf6 5. Bg2 0-0 6. f4 c5 7. Nf3 Nc6 8. 0-0 Bg4 9. h3 Bxf3 10. Qxf3 Nd4 11. Qf2 Rb8 12. Be3 Nd7 13. Nd1 Nc6 14. c3 f5 15. exf5 Rxf5 16. Be4 Rf8 17. Qd2 e6 18. d4 cxd4 19. cxd4 d5 20. Bc2 Qb6 21. Ba4 Bxd4 22. Bxc6 Bxe3+ 23. Qxe3 Qxe3+ 24. Nxe3 bxc6 25. Rac1 c5 26. Rc2 c4 27. Re1 Nf6 28. Rce2 Rfe8 29. g4 Kf7 30. Nd1 Ne4 31. Nc3 Nc5 32. f5 gxf5 33. gxf5 d4 34. fxe6+ Rxe6 35. Rxe6 Nxe6 36. Nd1 Ng5 37. Rf1+ Kg6 38. h4 Ne6 39. h5+ Kg7 40. Re1 Kf6 41. Rf1+ Ke7 42. Rf5 Rg8+ 43. Kf2 Rg5 44. Rxg5 Nxg5 45. Kg3 Kf6 46. Kf4 h6 47. a4 a5 48. Nf2 Ke6 49. Ng4 c3 50. bxc3 dxc3 51. Ke3 Nf7 52. Kd3 Kd5 53. Kxc3 Kc5 54. Nf6 Ne5 55. Ne4+ Kd5 56. Nf6+ Ke6 57. Ng8 Kf5 58. Nxh6+ Kg5 59. Ng8 Kf5 60. Nh6+ Kg5 61. Ng8 Nf3 62. h6 Kg6 63. Kc4 Nd2+ 64. Kb5 Nb3 65. Ne7+ Kxh6 66. Nc6 Kg6 67. Nxa5 Nd4+ 68. Kb6 Kf6 69. Nc6 Nb3 70. Nd4 Nd2 71. Kb5 Ke5 72. a5 Kd5 73. a6 Nc4 74. a7 Nd6+ 75. Ka6 Kxd4 76. a8Q Nc4 77. Qh8+ Kd5 78. Qd8+ Ke5 79. Kb5 Nd6+ 80. Kc6 Nf5 81. Qd5+ Kf4 82. Qd2+ Ke4 83. Kc5 Ke5 84. Qe2+ Kf4 85. Qe1 Kf3 86. Kc4 Kf4 87. Kd3 Kg5 88. Qe5 Kg4 89. Ke4 Ng3+ 90. Ke3 Nf5+ 91. Kf2 Kg5 92. Kf3 Kg6 93. Kf4 Ng7 94. Kg4 Kf7 95. Qd6 Ne6 96. Kf5 Ng7+ 97. Ke5 Ne8 98. Qe6+ Kf8 99. Qd7 Ng7 100. Kf6 Nh5+ 101. Kg5 Ng7 102. Kg6 1-0